[Event "Brest Black Pawn H op 2nd"]
[Site "Brest"]
[Date "2018.11.03"]
[Round "3"]
[White "Suddenko, Roman"]
[Black "Abgaryan, Harutyun V"]
[Result "1/2-1/2"]
[WhiteElo "1326"]
[BlackElo "1672"]
[PlyCount "75"]
[EventDate "2018.11.02"]
[EventType "swiss"]
[EventRounds "5"]
[EventCountry "BLR"]
[SourceTitle "CBM 187 Extra"]
[Source "ChessBase"]
[SourceDate "2018.11.04"]
[SourceVersion "1"]
[SourceVersionDate "2018.11.04"]
[SourceQuality "1"]

1. e4 c5 2. Nf3 d6 3. d4 cxd4 4. Nxd4 Nf6 5. Nc3 a6 6. Be3 e6 7. Be2 Qc7 8. 0-0 b5 9. a3 Bb7 10. Qd3 Nbd7 11. Nb3 Ne5 12. Qd4 Be7 13. Nd2 Ned7 14. Nb3 0-0 15. f3 d5 16. exd5 Nxd5 17. Nxd5 Bxd5 18. Qd2 Bd6 19. f4 Rac8 20. Rac1 Nc5 21. Nxc5 Bxc5 22. Bxc5 Qxc5+ 23. Kh1 Rfd8 24. Bd3 Be4 25. Qb4 Bxd3 26. Qxc5 Rxc5 27. cxd3 Rcd5 28. Rfd1 Kf8 29. Rc3 Ke7 30. Kg1 a5 31. Kf2 Rd4 32. Ke3 b4 33. axb4 axb4 34. Rb3 f6 35. Rc1 e5 36. fxe5 fxe5 37. Rc4 Ke6 38. Rcxb4 1/2-1/2